|
|
|
|
| LEADER |
01295nam a2200361 a 4500 |
| 001 |
EBC1122944 |
| 003 |
MiAaPQ |
| 005 |
20200520144314.0 |
| 006 |
m o d | |
| 007 |
cr cn||||||||| |
| 008 |
130222t20111986enk sb 001 0 eng d |
| 020 |
|
|
|z 9780415682381
|
| 020 |
|
|
|a 9780203802281 (electronic bk.)
|
| 035 |
|
|
|a (MiAaPQ)EBC1122944
|
| 035 |
|
|
|a (Au-PeEL)EBL1122944
|
| 035 |
|
|
|a (CaPaEBR)ebr10656914
|
| 035 |
|
|
|a (CaONFJC)MIL437999
|
| 035 |
|
|
|a (OCoLC)827207167
|
| 040 |
|
|
|a MiAaPQ
|c MiAaPQ
|d MiAaPQ
|
| 050 |
|
4 |
|a HD7095
|b .B44 2011
|
| 082 |
0 |
4 |
|a 368.4400941
|2 23
|
| 100 |
1 |
|
|a Beenstock, Michael,
|d 1946-
|
| 245 |
1 |
0 |
|a Insurance for unemployment
|h [electronic resource] /
|c Michael Beenstock and Valerie Brasse.
|
| 260 |
|
|
|a Abingdon :
|b Routledge,
|c 2011, c1986.
|
| 300 |
|
|
|a 106 p.
|
| 440 |
|
0 |
|a Routledge revivals
|
| 504 |
|
|
|a Includes bibliographical references and index.
|
| 533 |
|
|
|a Electronic reproduction. Ann Arbor, MI : ProQuest, 2015. Available via World Wide Web. Access may be limited to ProQuest affiliated libraries.
|
| 650 |
|
0 |
|a Unemployment insurance.
|
| 655 |
|
4 |
|a Electronic books.
|
| 700 |
1 |
|
|a Brasse, Valerie.
|
| 710 |
2 |
|
|a ProQuest (Firm)
|
| 856 |
4 |
0 |
|u https://ebookcentral.proquest.com/lib/matrademy/detail.action?docID=1122944
|z Click to View
|